|
|
|
|
| LEADER |
00000nam0a2200000 4500 |
| 001 |
276165 |
| 005 |
20231101234908.0 |
| 035 |
|
|
|a (RuTPU)RU\TPU\book\299423
|
| 035 |
|
|
|a RU\TPU\book\290090
|
| 090 |
|
|
|a 276165
|
| 100 |
|
|
|a 20141119d1983 k y0rusy5003 ca
|
| 101 |
0 |
|
|a rus
|
| 102 |
|
|
|a RU
|
| 105 |
|
|
|a a z 001zy
|
| 200 |
1 |
|
|a Автоматизация проектирования радиоэлектронной аппаратуры и средств вычислительной техники
|e межвузовский сборник научных трудов
|f Уральский политехнический институт им. С. М. Кирова ; под ред. Н. А. Семихатова
|h Вып. 4
|
| 210 |
|
|
|a Свердловск
|c Изд-во УПИ
|d 1983
|
| 215 |
|
|
|a 152 с.
|c ил.
|
| 320 |
|
|
|a Библиогр. в конце ст.
|
| 606 |
1 |
|
|a Радиоэлектронная аппаратура
|2 stltpush
|3 (RuTPU)RU\TPU\subj\23472
|9 47977
|
| 610 |
1 |
|
|a проектирование
|
| 610 |
1 |
|
|a вычислительные машины
|
| 610 |
1 |
|
|a автоматизированные системы проектирования
|
| 610 |
1 |
|
|a автоматизация
|
| 610 |
1 |
|
|a вычислительная техника
|
| 610 |
1 |
|
|a САПР
|
| 610 |
1 |
|
|a печатные платы
|
| 675 |
|
|
|a 621.396.6.001
|z rus
|v 3
|
| 702 |
|
1 |
|a Семихатов
|b Н. А.
|4 340
|
| 712 |
0 |
2 |
|a Уральский политехнический институт им. С. М. Кирова
|c (Свердловск)
|c (1948-1992)
|2 stltpush
|3 (RuTPU)RU\TPU\col\1982
|9 23638
|
| 801 |
|
0 |
|a RU
|b 63413507
|c 19960705
|g psbo
|
| 801 |
|
1 |
|a RU
|b 63413507
|c 20140721
|
| 801 |
|
2 |
|a RU
|b 63413507
|c 20170131
|g RCR
|
| 942 |
|
|
|c BK
|